Normal view
MARC view
Entry Personal Name
001 - CONTROL NUMBER
- control field: 40747
003 - CONTROL NUMBER IDENTIFIER
- control field: OSt
005 - DATE AND TIME OF LATEST TRANSACTION
- control field: 20160226160739.0
008 - FIXED-LENGTH DATA ELEMENTS
- fixed length control field: 160226|| aca||aabn | a|a d
040 ## - CATALOGING SOURCE
- Original cataloging agency: OSt
- Transcribing agency: OSt
100 ## - HEADING--PERSONAL NAME
- Personal name: भवानीप्रसाद तिवारी
670 ## - SOURCE DATA FOUND
- Source citation: Work cat.: (OSt)27090: भवानीप्रसाद तिवारी , कामताप्रसाद गुरू , 1976









